Mitologías / (Record no. 186328)

MARC details
000 -LEADER
campo de control de longitud fija 00801nam a2200253 i 4500
001 - NÚMERO DE CONTROL
campo de control 186328
003 - IDENTIFICADOR DE NÚMERO DE CONTROL
campo de control SpMaBN
005 - FECHA Y HORA DE LA ÚLTIMA TRANSACCIÓN
campo de control 20230906222639.0
008 - DATOS DE LONGITUD FIJA--INFORMACIÓN GENERAL
campo de control de longitud fija 161025s1988 mx |||| | spa d
020 ## - NÚMERO INTERNACIONAL ESTÁNDAR DEL LIBRO
Número Internacional Estándar del Libro 968-23-0557-8
080 ## - NÚMERO DE LA CLASIFICACIÓN DECIMAL UNIVERSAL
Número de la Clasificación Decimal Universal 821.133.1-4"19"
100 1# - ENTRADA PRINCIPAL--NOMBRE DE PERSONA
Nombre de persona Barthes, Roland.
9 (RLIN) 26125
245 10 - MENCIÓN DEL TÍTULO
Título Mitologías /
Mención de responsabilidad, etc. por Roland Barthes ; [traducción de Héctor Schmucler].
250 ## - MENCION DE EDICION
Mención de edición 7ª ed. en español.
260 ## - PUBLICACIÓN, DISTRIBUCIÓN, ETC.
Lugar de publicación, distribución, etc. México :
Nombre del editor, distribuidor, etc. Siglo Veintiuno,
Fecha de publicación, distribución, etc. 1988.
300 ## - DESCRIPCIÓN FÍSICA
Extensión 257 p. ;
Dimensiones 18 cm.
490 1# - MENCIÓN DE SERIE
Mención de serie Teoría
594 ## - Nota al título y mención de responsabilidad
Nota al título y mención de responsabilidad Recopilación de artículos del autor, escritos entre 1954 y 1956.
650 #4 - PUNTO DE ACCESO ADICIONAL DE MATERIA--TÉRMINO DE MATERIA
Término de materia o nombre geográfico como elemento de entrada Semiótica.
9 (RLIN) 17041
700 1# - ENTRADA AGREGADA--NOMBRE PERSONAL
Nombre de persona Schmucler, Héctor.
9 (RLIN) 104537
830 0# - PUNTO DE ACCESO ADICIONAL DE SERIE-TÍTULO UNIFORME
Título uniforme Teoría
9 (RLIN) 177535
852 ## - LOCALIZACIÓN
Ubicación ES-MaACL
Número de control de estantería L-30688
Nota libre . - Donat. Miguel A. Velasco
Holdings
Estatus retirado Estado de pérdida Estado de daño No para préstamo Biblioteca de origen Biblioteca actual Ubicación en estantería Fecha de adquisición Fuente de adquisición Total de préstamos Signatura topográfica completa Código de barras Visto por última vez Precio de reemplazo Tipo de ítem Koha
        Biblioteca del Ateneo de Madrid Biblioteca del Ateneo de Madrid Depósito 2 25/10/2016     L-30688 1196472 23/02/2023 23/02/2023 Libro impreso